ბათუმის შოთა რუსთაველის სახელმწიფო უნივერსიტეტის ბიბლიოთეკა

Вероятность (ბიბ.ჩანაწერი № 35863)

000 -LEADER
fixed length control field 00500nam a2200205Ia 4500
001 - CONTROL NUMBER
control field 1754
003 - CONTROL NUMBER IDENTIFIER
control field GE_BSU
008 - FIXED-LENGTH DATA ELEMENTS--GENERAL INFORMATION
fixed length control field 181216s||||||||xx |||||||||||||| ||und||
040 ## - CATALOGING SOURCE
Transcribing agency GE_BSU
100 ## - MAIN ENTRY--PERSONAL NAME
Personal name Ширяев,А.Н.
245 ## - TITLE STATEMENT
Title Вероятность
245 ## - TITLE STATEMENT
Remainder of title уч-е пособие для студ. вуза
260 ## - PUBLICATION, DISTRIBUTION, ETC.
Place of publication, distribution, etc. Москва
260 ## - PUBLICATION, DISTRIBUTION, ETC.
Name of publisher, distributor, etc. Наука
260 ## - PUBLICATION, DISTRIBUTION, ETC.
Date of publication, distribution, etc. 1980
300 ## - PHYSICAL DESCRIPTION
Extent 574стр. 20см.
653 ## - INDEX TERM--UNCONTROLLED
Uncontrolled term Вероятность
942 ## - ADDED ENTRY ELEMENTS (KOHA)
Koha item type წიგნი
ეგზემპლარები
Withdrawn status Lost status Damaged status Not for loan Date acquired Barcode Date last seen Price effective from Koha item type Public note
        2018-12-17 3631 2018-12-17 2018-12-17 წიგნი დარბაზი